01626nam a2200361 a 4500001001000000003000500010005001700015008004100032010001100073011001100084040000900095090001000104100003600114245016700150260004100317500006000358502010300418590004100521590004100562590004100603590004000644650005000684650004600734650004800780650005800828856007000886901000700956942001000963942000600973999001900979952013100998952013501129000113499CHAP20220329144357.0170726s2016 mx sm |||||||spa d a109960 a110932 cCHAP aTesis1 aLópez Arenas, Yantzin913283710aSituaciación actual y perspectivas de la exportación de frutas tropicales de México a Estados Unidos de Américah[En línea]cpor Yantzin López Arenas. aChapingo, Méx. :bEl autor,c2016. aPara ver el contenido del material haga clic en la liga aTesis (Lic. en Comercio Internacional) -- UACH. División de Ciencias Económico Administrativas aBATCH-UPDb05c20170726lUCH01h0839 aBATCH-UPDb10c20170726lUCH01h1121 aE11695DGDb10c20170726lUCH01h1120 aE5765TAJb05c20170726lUCH01h083814aFrutas tropicalesxBalanza comercial.913283514aFrutas tropicalesxExportación.913283414aFrutas tropicalesxMercadeozE.U.A.913283314aFruticulturaxAspectos económicoszMéxico.943701 aFinding aiduhttp://10.13.5.2/tesis/sist113499.pdfzTeclea aquí aBK cTESIS n0 c109960d109960 00104054718TESISaBCbBCd2017-07-26fTESISl0oTesisp113501-10r2019-12-31 00:00:00w2019-12-31yTESISzRecien adquirido 00102local4053708TESISaBCbBCcPA_TESISd2017-07-26fTESISl0oTesisp113501-20r2019-12-31 00:00:00tc.2w2019-12-31yTESIS